00552nam a22001697a 450000500170000001000210001702000260003803500130006403700130007703700130009008200080010310000160011124501260012726000460025327000560029930000270035520171113112449.0 a151608 B-668385 a9788192921709c350.00 aB-668385 bKKPaDPL bDBAD/PUB a425 aNeetu Singh aEnglish for general competitions :cby Neetu Singhbfrom Plinth to Paramount : indispensable for all competitive exams / aDelhibParamount Reader Publicationc2016 a701,2nd floor ,Dr. Mukherji Nagar, bDelhi e110009 av.1(412p.) c24cm(pbk)